000 00878nam a2200229Ia 4500
001 15244
003 GE_BSU
008 181216s||||||||xx |||||||||||||| ||und||
040 _cGE_BSU
080 _a821.353.1+821.353.1-1
245 _aჩვენი საუნჯე:ქართული მწერლობა ოც ტომად. ტ.20 გალაქტიონ ტაბიძე
245 _bგალაქტიონ ტაბიძე
245 _cრედ.ხ.ბერულავა. მხატვ.ლ.გრიგოლია
260 _aთბილისი
260 _bნაკადული
260 _c1961
300 _a364გვ.23სმ.
653 _aგალაქტიონ ტაბიძე
653 _aქართული მწერლობა
653 _aჩვენი საუნჯე
942 _cBK
999 _c48356
_d48356